000 00544nam a22002177a 4500
001 00028686
005 20260401094805.0
008 260401b ag ||||| |||| 00| 0 spa d
020 _a8432048771
040 _aAR-CcCEOS
_bspa
_cAR-CcCEOS
041 _aspa
080 _a875
090 _bPIN
100 0 _aPíndaro,
_d518-438 a. C.
_91001
245 _aOdas triunfales /
_cPíndaro
250 _a1ª ed.
264 _aEspaña :
_bPlaneta,
_cc1990.
300 _a267 p. ;
_c19x12 cm.
650 0 _afilosofía
_9153
942 _2udc
_cBK
_n0
999 _c28719
_d28719